000 00371nam a2200145Ia 4500
008 230917s9999||||xx |||||||||||||| ||und||
040 _e38085
_aMAIN
041 _aEnglish
082 _a823.09 K489S
100 _aKestner, Joseph A
245 4 _aThe spatiality of the novel
260 _aDetroit
_bWagne State University Press
_c1978
300 _a203 p.
942 _cBK
999 _c219305
_d219305